Las ideas políticas contemporáneas
Сохранить в:
| Главный автор: | |
|---|---|
| Формат: | |
| Язык: | испанский |
| Опубликовано: |
Barcelona
Labor
1930
|
| Серии: | Labor. Sección IX Política, 239
|
| Предметы: | |
| Метки: |
Добавить метку
Нет меток, Требуется 1-ая метка записи!
|
MARC
| LEADER | 00000nam a2200000 a 4500 | ||
|---|---|---|---|
| 001 | UCV0868 | ||
| 003 | CL-VaPUC | ||
| 008 | 890615e19300000SP |||||||||||||||||spa|d | ||
| 082 | 0 | 4 | |a 320.01 |b HEL |2 21 |
| 100 | |a Heller, Hermann |e author |9 328249 | ||
| 245 | 1 | 4 | |a Las ideas políticas contemporáneas |
| 300 | |a 203 p | ||
| 942 | |c BK | ||
| 945 | |d 19890615 00:00:00 | ||
| 260 | |a Barcelona |b Labor |c 1930 | ||
| 650 | 0 | |a Ideologías |9 255200 | |
| 583 | |a last modification |c 19890615 00:00:00 |k Rodrigo Vera | ||
| 490 | 0 | |a Labor. Sección IX Política, 239 | |
| 999 | |c 209059 |d 209057 | ||
| 952 | |0 0 |1 0 |4 0 |6 320_010000000000000_HEL_1930 |7 0 |8 DER_TF |9 184185 |a BIBDER |b BIBDER |d 2019-11-14 |i 2513404 |o 320.01 HEL 1930 |p 2513404 |r 2023-01-25 |w 2019-11-14 |x Ubicación 4to Piso |y BK |z Estos recursos deben solicitarse con anticipación |k DER | ||